000 00444nam a2200097Ia 4500
008 180130s9999 xx 000 0 und d
245 _cOfarim, Yael
_aListening in parenting and therapy as a life-giving container and as preparation for the capacity to play
260 _c2014
300 _aBook title: Play : psychoanalytic perspectives, survival and human development--Acession number C18636; pages 5 - 15
650 _aPLAY--PSYCHOLOGICAL ASPECTS
999 _c354499
_d354499